| 000 | 00501nam a2200157Ia 4500 | ||
|---|---|---|---|
| 008 | 210719s2003 xx 000 0 und d | ||
| 041 | _aeng | ||
| 082 | _a581.634K SOMS | ||
| 100 | _aSOMASHEKHARA (Bi Es) | ||
| 245 | _aSamrakshana sangati: aushadhisasya samrakshanege hechchuvari mahiti, samputa 3. | ||
| 260 |
_aBengaluru _bSthaliya arogya paramparegala punaruthana pratishtana, _c2003 |
||
| 300 |
_a52 _bPB |
||
| 365 | _cRs | ||
| 650 | _aBotany | ||
| 906 | _aMedicinal plants conservation training | ||
| 999 |
_c213877 _d213877 |
||